| Tag |
First Indicator |
Second Indicator |
Subfields |
| LEADER |
00000cam a2200000 a 4500 |
| 001 |
in00000013968 |
| 005 |
20191221063108.0 |
| 008 |
870917s1987 txua b 00110beng |
| 010 |
|
|
|a 87025551
|
| 020 |
|
|
|a 0911536841 :
|c $24.95
|
| 035 |
|
|
|a (OCoLC)16805566
|
| 035 |
|
|
|9 AAA6315AM
|
| 040 |
|
|
|a DLC
|c DLC
|d TXA
|d UtOrBLW
|
| 043 |
|
|
|a n-us-tx
|a n-usu--
|
| 049 |
|
|
|a TXAM [Also in] [Sp Coll]
|c 1 [A11664408]
|a TXAS
|c 2 [A09876219]
|
| 050 |
0 |
0 |
|a F389.A92
|b G73 1987
|
| 082 |
0 |
|
|a 976.4/02/0924
|a B
|2 19
|
| 100 |
1 |
|
|a Gracy, David B.,
|c II,
|d 1941-
|
| 245 |
1 |
0 |
|a Moses Austin :
|b his life /
|c David B. Gracy II ; foreword by Mary Austin Perry Beretta.
|
| 264 |
|
1 |
|a San Antonio, TX :
|b Trinity University Press,
|c [1987]
|
| 264 |
|
4 |
|c ©1987
|
| 300 |
|
|
|a xx, 303 pages :
|b illustrations ;
|c 24 cm.
|
| 336 |
|
|
|a text
|b txt
|2 rdacontent
|
| 337 |
|
|
|a unmediated
|b n
|2 rdamedia
|
| 338 |
|
|
|a volume
|b nc
|2 rdacarrier
|
| 500 |
|
|
|a The Cushing Library/Chapman Texas Collection copy is part of the Floyd & Louise Chapman Texas & Borderlands Collection.
|5 TXA
|
| 504 |
|
|
|a Bibliography: pages [273]-289.
|
| 500 |
|
|
|a Includes index.
|
| 500 |
|
|
|a Inscribed by the author.
|
| 600 |
1 |
0 |
|a Austin, Moses,
|d 1761-1821.
|
| 650 |
|
0 |
|a Pioneers
|z Texas
|v Biography.
|
| 650 |
|
0 |
|a Pioneers
|z Southwest, Old
|x Biography.
|
| 650 |
|
0 |
|a Businessmen
|z Southwest, Old
|x Biography.
|
| 651 |
|
0 |
|a Texas
|x History
|y To 1846.
|
| 651 |
|
0 |
|a Southwest, Old
|x History.
|
| 999 |
|
|
|a MARS
|
| 999 |
f |
f |
|s df779f3b-7347-32fa-b763-ae72ac873853
|i 45600416-705b-30d2-983b-5df03f6420bb
|t 0
|
| 952 |
f |
f |
|p normal
|a Texas A&M University
|b College Station
|c Sterling C. Evans Library
|s Evans stk
|d Evans: Library Stacks
|t 0
|e F389.A92 G73 1987
|h Library of Congress classification
|i unmediated -- volume
|m A14811664408
|
| 952 |
f |
f |
|p noncirc
|a Texas A&M University
|b College Station
|c Cushing Memorial Library & Archives
|s cush txas
|d Cushing: Chapman Texas Collection (Does not check out)
|t 0
|e F389.A92 G73 1987
|h Library of Congress classification
|i unmediated -- volume
|m A14809876219
|
| 952 |
f |
f |
|p ric
|a Texas A&M University
|b Rellis Campus
|c Joint Library Facility
|s JLF
|d Remote Storage
|t 0
|e F389.A92 G73 1987
|h Library of Congress classification
|i unmediated -- volume
|m 33620001031406
|
| 998 |
f |
f |
|a F389.A92 G73 1987
|t 0
|l Evans: Library Stacks
|
| 998 |
f |
f |
|a F389.A92 G73 1987
|t 0
|l Cushing: Chapman Texas Collection (Does not check out)
|
| 998 |
f |
f |
|a F389.A92 G73 1987
|t 0
|l Remote Storage
|